000 00631cam a22001934a 4500
020 _a0471333328 (cloth : alk. paper)
040 _cDLC
082 0 0 _a155 WIL 2001 A001 Or.
245 0 0 _aHandbook of the psychology of women and gender/
260 _aNew York :
_bWiley,
_cc2001.
300 _axvi, 556 p. ;
_c29 cm.
650 0 _aWomen
650 0 _aGender identity.
700 1 _aUnger, Rhoda Kesler.
856 4 2 _uhttp://www.loc.gov/catdir/bios/wiley042/00039277.html
856 4 2 _uhttp://www.loc.gov/catdir/description/wiley033/00039277.html
856 4 _uhttp://www.loc.gov/catdir/toc/onix04/00039277.html
942 _cEK
999 _c12493
_d12493